000
00329 a2200109 4500
001
ART_2340
005
20260410161725.0
008
260409a
245
1
0
_a
Movilidad internacional de fondos
100
1
_a
Marcel, Alberto E.
773
0
_t
Administración de empresas
_g
- Año XVI, Nº 182 (mayo 1985)
_w
REV2036
999
_c
17309
_d
17309